header

World wide weed (Record no. 217970)

MARC details
000 -LEADER
fixed length control field 01506nam a2200361 a 4500
082 04 - DEWEY DECIMAL CLASSIFICATION NUMBER
Classification number 363.45
245 00 - TITLE STATEMENT
Title World wide weed
260 ## - PUBLICATION, DISTRIBUTION, ETC. (IMPRINT)
Place of publication Farnham, England ;
-- Burlington, Vt. :
Name of publisher Ashgate,
Year of publication c2011.
300 ## - PHYSICAL DESCRIPTION
Number of Pages xx, 293 p.
505 0# - FORMATTED CONTENTS NOTE
Formatted contents note pt. 1. Traditional producer nations -- pt. 2. Growing in the developed world -- pt. 3. Responses to growing in the developed world.
650 #0 - SUBJECT ADDED ENTRY--TOPICAL TERM
Topical Term Marijuana industry.
Topical Term Marijuana.
Topical Term Drug control.
700 1# - ADDED ENTRY--PERSONAL NAME
Personal name Potter, Gary.
Personal name Decorte, Tom.
Personal name Bouchard, Martin,
856 40 - ELECTRONIC LOCATION AND ACCESS
Uniform Resource Identifier http://site.ebrary.com/lib/rucke/Doc?id=10477053

No items available.

© 2026 Rongo University
Contact us: librarian | system librarian | Rongo university